000 01026nam a22002417a 4500
005 20100928113853.0
008 100928t xxu||||| |||| 00| 0 hin d
010 _aHIN-90660
020 _a8181350545
_c150.00
035 _aHN-63006
037 _bDBAD / PUB
040 _aDPL
_bHN
082 _a821
100 _aपाठक, विनय कुमार
_922145
245 _aकिसको कहें भला हम अपना /
_cविनय कुमार पाठक
246 _aKisko Kahein bhala hum apna
_bby Vinay Kumar Pathak
260 _aदिल्ली
_bपंकज बुक्स
_c2010
270 _a109-ए, पटपड़गंज
_bदिल्ली
_e1100091
_k22754663
300 _a88पृ.
_c22सेमी (सजिल्द)
650 _91169
_aहिन्दी कविता
942 _2ddc
_cHN
_h821
_mपाठक
999 _c47933
_d47933